| 000 | 004470000a22001690004500 | ||
|---|---|---|---|
| 003 | MACL | ||
| 005 | 20150911162533.0 | ||
| 008 | 150911b xxu||||| |||| 00| 0 eng d | ||
| 040 |
_aMACL _cMACL |
||
| 041 | _aEnglish | ||
| 082 | _a900/JAI | ||
| 100 |
_aJain, L.C. _910234 |
||
| 245 |
_aCivil Disobedience _bTwo Freedom Struggles One Life |
||
| 260 |
_aNew Delhi _bThe Book Review Literary Trust _c2011 |
||
| 350 | _a395 | ||
| 942 |
_cBK _k900/JAI _2ddc |
||
| 999 |
_c49271 _d49271 |
||